[Event "POLFINALY MISTRZOSTW POLSKI JUNIOROW 2021 C-15"]
[Site "Jatrzebia Gora"]
[Date "1899-12-30"]
[Round "3.14"]
[White "Szymczyk, Antoni"]
[Black "Jankowski, Franciszek"]
[Result "0-1"]
[WhiteTitle "II"]
[BlackTitle "II+"]
[WhiteElo "1424"]
[BlackElo "1522"]

1. e4 c6 2. d4 d5 3. Nc3 dxe4 4. Nxe4 Bf5 5. Nc5 e5 6. Nxb7 Qb6 7. Nc5 Bxc5 8.
dxc5 Qxc5 9. c3 Nf6 10. Be3 Qd5 11. Nf3 Nbd7 12. h3 O-O 13. Be2 Rfd8 14. Qa4 Nc5
15. Bxc5 Qxc5 16. O-O Ne4 17. Rad1 Ng3 18. Rfe1 Ne4 19. Rf1 Rxd1 20. Bxd1 Nd6
21. Re1 Re8 22. Bb3 Bd3 23. Bc2 Bxc2 24. Qxc2 f6 25. Nd2 e4 26. Nxe4 Qe5 27. Re2
Nxe4 28. f3 Qc5+ 29. Kh2 Nd6 30. Rxe8+ Nxe8 31. Qb3+ Kf8 32. f4 Nd6 33. a4 a5
34. Qc2 f5 35. Qd2 Ke7 36. b4 Qb6 37. Qe1+ Ne4 38. Qh4+ Nf6 39. Qg5 g6 40. bxa5
Qxa5 41. g4 Qxc3 42. gxf5 Qc2+ 43. Kg3 Qxf5 44. Qh6 Kf7 45. h4 Qg4+ 46. Kf2 c5
47. a5 Qd7 48. Ke2 c4 49. Qg5 Qd3+ 50. Ke1 Ne4 51. Qg2 c3 52. a6 c2 0-1

[Event "POLFINALY MISTRZOSTW POLSKI JUNIOROW 2021 C-15"]
[Site "Jatrzebia Gora"]
[Date "1899-12-30"]
[Round "3.15"]
[White "Jendrowiak, Maciej"]
[Black "Pieczulis, Hubert"]
[Result "1-0"]
[WhiteTitle "II+"]
[BlackTitle "I"]
[WhiteElo "1493"]
[BlackElo "1379"]

1. e4 e6 2. d4 d5 3. exd5 exd5 4. Bd3 Bd6 5. h3 Ne7 6. Nf3 Nbc6 7. O-O Bf5 8. Nc3
Bxd3 9. Qxd3 Qd7 10. a3 f6 11. Re1 O-O-O 12. b4 g5 13. Nb5 h5 14. Nxd6+ Qxd6 15.
b5 Na5 16. Bd2 Rde8 17. Bxa5 g4 18. Bb4 Qd7 19. Nh4 Rhg8 20. Bxe7 Rxe7 21. Qf5
Rge8 22. Rxe7 Rxe7 23. Qxd7+ Kxd7 24. hxg4 hxg4 25. Kf1 Re4 26. c3 c5 27. Re1
cxd4 28. Rxe4 dxe4 29. cxd4 Ke6 30. Ke2 Kd5 31. Ke3 a6 32. bxa6 bxa6 33. Nf5 a5
34. a4 Kc4 35. Kxe4 Kb4 36. d5 Kxa4 37. d6 Kb3 38. d7 a4 39. d8=Q a3 40. Qb6+
Ka2 41. Kd3 Ka1 42. Kc2 a2 43. Qxf6# 1-0

[Event "POLFINALY MISTRZOSTW POLSKI JUNIOROW 2021 C-15"]
[Site "Jatrzebia Gora"]
[Date "1899-12-30"]
[Round "3.16"]
[White "Janusiewicz, Michal"]
[Black "Szymkiewicz, Witold"]
[Result "0-1"]
[WhiteTitle "I"]
[BlackTitle "I"]
[WhiteElo "1361"]
[BlackElo "1552"]

1. e4 c6 2. d4 d5 3. Nc3 dxe4 4. Nxe4 Bf5 5. Ng3 Bg6 6. Nf3 Nf6 7. c3 Nbd7 8. Bd3
Qc7 9. Be3 O-O-O 10. a4 e5 11. Bxg6 hxg6 12. Ng5 exd4 13. Bxd4 Re8+ 14. Be3 Bc5
15. O-O Bxe3 16. fxe3 Ne5 17. N5e4 Rd8 18. Qe2 Nxe4 19. Nxe4 Rxh2 20. Nd6+ Rxd6
21. Kxh2 Rd2 22. Qxd2 Nf3+ 23. Kh3 Qh2+ 0-1

[Event "POLFINALY MISTRZOSTW POLSKI JUNIOROW 2021 C-15"]
[Site "Jatrzebia Gora"]
[Date "1899-12-30"]
[Round "3.18"]
[White "Bem, Tymoteusz"]
[Black "Latacz, Grzegorz"]
[Result "1-0"]
[WhiteTitle "II"]
[BlackTitle "II"]
[WhiteElo "1262"]
[BlackElo "1446"]

1. d4 d5 2. c4 c6 3. Nf3 Nf6 4. Nc3 e6 5. Bg5 h6 6. Bh4 Nbd7 7. e3 Bb4 8. a3 Bxc3+
9. bxc3 O-O 10. cxd5 exd5 11. Bd3 Qa5 12. Qc2 Re8 13. O-O Ne4 14. c4 Ndf6 15.
cxd5 Qxd5 16. Bc4 Qh5 17. Bxf6 Nxf6 18. Qb3 Rb8 19. Ne5 Be6 20. Bxe6 Rxe6 21.
Rac1 Ng4 22. Nxg4 Qxg4 23. h3 Qe4 24. Qc2 f5 25. Qxe4 Rxe4 26. Rfe1 f4 27. Rb1
b5 28. Rbc1 Rb6 29. Kf1 a5 30. Ke2 fxe3 31. fxe3 b4 32. Kd3 Re6 33. Rb1 b3 34.
a4 Rb4 35. Kc3 Rxa4 36. Rxb3 Ra2 37. Rb2 Ra3+ 38. Rb3 Ra2 39. Rb2 Ra3+ 40. Kd2
Rf6 41. Rc2 a4 42. Re2 Kf7 43. Rc3 Ra1 44. Kd3 Ke7 45. Kc4 Rff1 46. Kc5 Rfc1 47.
Rxc1 Rxc1+ 48. Kb4 Ra1 49. e4 a3 50. Kc3 a2 51. Rc2 Re1 52. Rxa2 Rxe4 53. Ra7+
Kf6 54. Ra6 Re6 55. Kc4 Kf5 56. Kc5 Ke4 57. d5 Re5 58. Ra4+ Ke3 59. Kxc6 Kf2 60.
Rg4 g5 61. h4 1-0

[Event "POLFINALY MISTRZOSTW POLSKI JUNIOROW 2021 C-15"]
[Site "Jatrzebia Gora"]
[Date "1899-12-30"]
[Round "3.19"]
[White "Rzepka, Marcin"]
[Black "Bajer, Tomasz"]
[Result "0-1"]
[WhiteTitle "II"]
[BlackTitle "II"]
[WhiteElo "1336"]
[BlackElo "1308"]

1. Nf3 c5 2. g3 d5 3. Bg2 Nc6 4. O-O e5 5. d3 Be6 6. e4 d4 7. Nbd2 f6 8. a3 Qd7
9. Qe1 g5 10. Nc4 Bxc4 11. dxc4 O-O-O 12. Bd2 Nge7 13. b4 Ng6 14. bxc5 g4 15.
Nh4 Nxh4 16. gxh4 Qf7 17. f4 Qxc4 18. fxe5 fxe5 19. Bg5 Rd7 20. Qd1 h5 21. Qd3
Qxc5 22. h3 Be7 23. hxg4 Bxg5 24. hxg5 hxg4 25. Qg3 d3+ 26. Qf2 Qxf2+ 27. Rxf2
dxc2 28. Rxc2 Rg8 29. Rf1 Rxg5 30. Rf5 Rxf5 31. exf5 Kc7 32. Rc4 Rd4 33. Rc3 Rf4
34. Rg3 Kd6 35. f6 Nd4 36. Kh1 b6 37. Bb7 Kd7 38. Bd5 Nf5 39. Rc3 Nd6 40. Rg3
Ne4 41. Re3 Nxf6 42. Rxe5 Kd6 0-1

[Event "POLFINALY MISTRZOSTW POLSKI JUNIOROW 2021 C-15"]
[Site "Jatrzebia Gora"]
[Date "1899-12-30"]
[Round "3.20"]
[White "Nowak, Filip"]
[Black "Fojcik, Kacper"]
[Result "1/2-1/2"]
[WhiteTitle "I"]
[BlackTitle "II"]
[WhiteElo "1757"]
[BlackElo "1345"]

1. e4 c6 2. d4 d5 3. Nc3 dxe4 4. Nxe4 Nf6 5. Nxf6+ gxf6 6. Nf3 Bg4 7. Be2 Nd7 8.
c4 e6 9. O-O Qc7 10. Be3 O-O-O 11. Rc1 Be7 12. h3 Bf5 13. Qb3 Rhg8 14. Kh1 c5
15. Rfd1 Be4 16. Qc3 f5 17. dxc5 Bxc5 18. b4 Bxe3 19. Qxe3 Nb6 20. Rxd8+ Qxd8
21. a4 Kb8 22. a5 Nd7 23. Rd1 Qc7 24. Qd4 Bxf3 25. Bxf3 Ne5 26. Be2 Nc6 27. Qc5
Qe5 28. Qxe5+ Nxe5 29. b5 Rc8 30. Rd4 Rc7 31. f4 Ng6 32. g3 Kc8 33. Bf3 Nf8 34.
Bh5 Ng6 35. Bf3 Ne7 36. Kg2 Rc5 37. Bh5 Ng6 38. Be2 Kc7 39. Kf2 a6 40. Ke3 Ne7
41. g4 axb5 42. cxb5 Rc3+ 43. Bd3 Nd5+ 44. Kd2 Rc5 45. gxf5 exf5 46. a6 bxa6 47.
bxa6 Kb6 48. Bxf5 Kxa6 49. Bxh7 Kb6 50. Bg8 Ne7 51. Bxf7 Rf5 52. Be6 Rf6 53. Bg4
Kc5 54. Ke3 Nd5+ 55. Rxd5+ Kxd5 56. Ke4+ Ke5+ 1/2-1/2

[Event "POLFINALY MISTRZOSTW POLSKI JUNIOROW 2021 C-15"]
[Site "Jatrzebia Gora"]
[Date "1899-12-30"]
[Round "3.23"]
[White "Chmura, Eryk"]
[Black "Marek, Grzegorz"]
[Result "1-0"]
[WhiteTitle "II"]
[BlackTitle "II"]
[WhiteElo "1343"]
[BlackElo "1350"]

1. e4 c5 2. c3 Nf6 3. e5 Nd5 4. d4 cxd4 5. cxd4 Nc6 6. Nf3 d6 7. Bc4 Nb6 8. Bb5
Bd7 9. Nc3 e6 10. O-O Nb4 11. Bg5 Qb8 12. Qe2 a6 13. Bxd7+ Kxd7 14. exd6 Bxd6
15. Ne5+ Bxe5 16. dxe5 N4d5 17. Ne4 h6 18. Bh4 g5 19. Bg3 Ke7 20. Nd6 Nc8 21.
Qf3 Rh7 22. Rac1 Na7 23. Rfd1 Nc6 24. Qh5 Qc7 25. Qe2 h5 26. h4 Rg8 27. Qc2 Rhg7
28. Nxb7 Qxb7 29. Qxc6 Qxc6 30. Rxc6 gxh4 31. Bxh4+ Kd7 32. Rd6+ Kc7 33. g3 Rg4
34. Rc1+ Kb8 35. Rd8+ Rxd8 36. Bxd8 Re4 37. Bf6 Nxf6 38. exf6 Re5 39. Rc4 Rb5
40. b4 Rf5 41. Rf4 Rb5 42. a4 Rg5 43. Kh2 Kc7 44. Kh3 Kd6 45. Kh4 Rd5 46. f3 Re5
47. Rd4+ Rd5 48. Rf4 e5 49. Rf5 Rd4+ 50. f4 Ke6 51. Rxe5+ Kxf6 52. Kxh5 Rxb4 53.
Ra5 Rb6 54. g4 Kg7 55. g5 f6 56. g6 Rb1 57. f5 Rb4 58. Rxa6 Rf4 59. Ra7+ Kg8 60.
g7 Kh7 61. g8=Q+ Kxg8 62. Kg6 Rg4+ 63. Kxf6 Rc4 64. a5 Rc6+ 65. Kg5 Rc8 66. Kg6
Rc6+ 67. f6 Rc8 68. Rh7 Rc6 69. Rb7 Rc8 70. a6 Kh8 71. a7 Rg8+ 72. Kf5 Rg7 73.
a8=Q+ Rg8 74. Qxg8+ Kxg8 75. Kg6 Kh8 76. Rb8# 1-0

[Event "POLFINALY MISTRZOSTW POLSKI JUNIOROW 2021 C-15"]
[Site "Jatrzebia Gora"]
[Date "1899-12-30"]
[Round "4.1"]
[White "Kubik, Rafal"]
[Black "Kusiak, Mateusz"]
[Result "1/2-1/2"]
[WhiteTitle "I+"]
[BlackTitle "I+"]
[WhiteElo "1718"]
[BlackElo "1755"]

1. e4 c5 2. c3 Nf6 3. e5 Nd5 4. Nf3 e6 5. d4 cxd4 6. cxd4 d6 7. Bc4 Nc6 8. O-O
Be7 9. Qe2 h6 10. Rd1 a6 11. Nc3 Nxc3 12. bxc3 d5 13. Bd3 Na5 14. a4 Bd7 15. Ba3
Bxa3 16. Rxa3 Rc8 17. Nd2 Qb6 18. Rb1 Qa7 19. Qe1 Rc7 20. Nb3 Nxb3 21. Rbxb3 Ke7
22. a5 Rhc8 23. g3 Rg8 24. Qb1 Bc6 25. Rb6 Rd8 26. Qb4+ Ke8 27. f4 g6 28. Rb3
Qa8 29. g4 Qc8 30. Rb2 Qd7 31. f5 gxf5 32. gxf5 Qe7 33. Qxe7+ Kxe7 34. f6+ Kd7
35. Rg2 Kc8 36. Rb3 Ba4 37. Ra3 Bb5 38. Bxb5 axb5 39. Rg7 Kb8 40. Rb3 Ka7 41.
Rxb5 Ka6 42. Rc5 Rxc5 43. dxc5 Rd7 44. Kf2 Kb5 45. Ke3 Kc4 46. Kd2 d4 47. Rg4
Kxc5 48. Kd3 dxc3+ 49. Kxc3 Kb5 50. Rh4 Kxa5 51. Rxh6 b5 52. Rh4 Rc7+ 53. Kb3
Kb6 54. Rd4 Rc5 1/2-1/2

[Event "POLFINALY MISTRZOSTW POLSKI JUNIOROW 2021 C-15"]
[Site "Jatrzebia Gora"]
[Date "1899-12-30"]
[Round "4.2"]
[White "Wydmanski, Szymon"]
[Black "Wilk, Igor"]
[Result "1/2-1/2"]
[WhiteTitle "I"]
[BlackTitle "I+"]
[WhiteElo "1735"]
[BlackElo "1712"]

1. e4 c6 2. Nc3 d5 3. Nf3 Bg4 4. h3 Bxf3 5. Qxf3 e6 6. d4 Nf6 7. Bd3 dxe4 8. Nxe4
Nxe4 9. Qxe4 Nd7 10. c3 Nf6 11. Qf3 h6 12. Bd2 Qb6 13. Rb1 Qa5 14. a3 Qd5 15.
Qxd5 exd5 16. O-O O-O-O 17. Bf5+ Kc7 18. Rfe1 Bd6 19. Re2 Rde8 20. Rbe1 Rxe2 21.
Rxe2 Re8 22. Rxe8 Nxe8 23. Kf1 Be7 24. Bf4+ Bd6 25. Bd2 Be7 26. Bf4+ Kb6 27. Ke2
Bd6 28. Bd7 Bxf4 29. Bxe8 Bc1 30. b3 Bxa3 31. Bxf7 a5 32. Kd3 a4 33. bxa4 Ka5
34. c4 dxc4+ 35. Kxc4 Kxa4 36. Be8 Ka5 37. d5 cxd5+ 38. Kxd5 b5 39. Ke6 b4 40.
Kf7 Bb2 41. Kg6 Bd4 42. Bf7 Ka4 1/2-1/2

[Event "POLFINALY MISTRZOSTW POLSKI JUNIOROW 2021 C-15"]
[Site "Jatrzebia Gora"]
[Date "1899-12-30"]
[Round "4.3"]
[White "Wieckowski, Michal"]
[Black "Trzebinski, Patryk"]
[Result "1/2-1/2"]
[WhiteTitle "I"]
[BlackTitle "I+"]
[WhiteElo "1698"]
[BlackElo "1767"]

1. d4 Nf6 2. c4 g6 3. Nc3 d5 4. e3 Bg7 5. Nf3 O-O 6. Qb3 dxc4 7. Bxc4 Nc6 8. O-O
Na5 9. Qb4 Nxc4 10. Qxc4 Be6 11. Qb4 b6 12. e4 a5 13. Qa4 Qd7 14. Qc2 Bc4 15.
Rd1 Rfd8 16. Ne5 Qe6 17. f4 Ba6 18. f5 Qc8 19. Nc6 Re8 20. e5 Nd7 21. Nd5 Kf8
22. Ndxe7 Rxe7 23. Nxe7 Kxe7 24. f6+ Nxf6 25. Bg5 Kf8 26. exf6 Bh8 27. Qe4 Kg8
28. Qe5 Qd8 29. Rac1 h6 30. Bxh6 Bxf6 31. Qxc7 Bxd4+ 32. Kh1 Qxc7 33. Rxc7 Bxb2
1/2-1/2

[Event "POLFINALY MISTRZOSTW POLSKI JUNIOROW 2021 C-15"]
[Site "Jatrzebia Gora"]
[Date "1899-12-30"]
[Round "4.4"]
[White "Kotowicz, Kamil"]
[Black "Rumniak, Aleksy"]
[Result "1-0"]
[WhiteTitle "I"]
[BlackTitle "II"]
[WhiteElo "1765"]
[BlackElo "1204"]

1. d4 Nf6 2. c4 g6 3. Nc3 Bg7 4. e4 d6 5. Bg5 c5 6. Nf3 Bg4 7. dxc5 Qa5 8. Bd2
Qxc5 9. Qb3 Bxf3 10. gxf3 Nc6 11. Be3 Qb4 12. Qxb4 Nxb4 13. Kd2 O-O 14. Bh3 e6
15. a3 Nc6 16. b3 Rfd8 17. Rad1 d5 18. exd5 exd5 19. cxd5 Nxd5 20. Nxd5 Rxd5+
21. Kc1 Nd4 22. Rd3 Rad8 23. Kb1 b6 24. Rhd1 f5 25. Bf1 Kf8 26. R3d2 h6 27. a4
g5 28. Bc4 R5d6 29. f4 g4 30. f3 h5 31. Bf2 Bf6 32. fxg4 hxg4 33. Rd3 Kg7 34.
b4 Kg6 35. b5 Kg7 36. Be1 Rc8 37. Ba2 Rcd8 38. Bb4 R6d7 39. Be6 Rc7 40. Bxf5 Nxf5
41. Rxd8 Bxd8 42. Rxd8 Rc4 43. Bd2 Rxa4 44. Kb2 Kf7 45. Rd5 Kg6 46. Kb3 Rd4 47.
Rxd4 Nxd4+ 48. Kc4 Nxb5 49. Kxb5 a5 50. Be3 Kf5 51. Bxb6 Kxf4 52. Bxa5 g3 53.
Bc7+ Kg4 54. hxg3 Kg5 55. Kc5 Kg6 56. Kd5 Kf5 57. Bf4 Kg6 58. Ke5 Kg7 59. Kf5
Kf7 60. Be5 Kg8 61. Ke4 1-0

[Event "POLFINALY MISTRZOSTW POLSKI JUNIOROW 2021 C-15"]
[Site "Jatrzebia Gora"]
[Date "1899-12-30"]
[Round "4.5"]
[White "Jankowski, Franciszek"]
[Black "Racis, Michal"]
[Result "0-1"]
[WhiteTitle "II+"]
[BlackTitle "I"]
[WhiteElo "1522"]
[BlackElo "1820"]

1. d4 d5 2. Nf3 Nf6 3. c4 c6 4. e3 e6 5. Nc3 Nbd7 6. Qc2 Bd6 7. Bd3 O-O 8. O-O
dxc4 9. Bxc4 b5 10. Bd3 Bb7 11. e4 e5 12. Bg5 b4 13. Ne2 h6 14. Bh4 Rc8 15. Rad1
Qb6 16. Bxf6 gxf6 17. Ng3 Rfe8 18. Nf5 Bf8 19. Qd2 Kh7 20. Rfe1 c5 21. dxc5 Nxc5
22. Qe2 Red8 23. N3h4 Ne6 24. Qh5 Rd7 25. g3 Qd8 26. Re3 Rcc7 27. Kg2 Ba6 28.
Qe2 Bc5 29. Rf3 Bb7 30. Qc2 Ng5 31. Nxh6 Kxh6 32. Nf5+ Kh7 33. h4 Nxf3 34. Kxf3
Qg8 35. Qc1 Qg6 36. h5 Qxf5+ 37. Kg2 Bxe4+ 38. Bxe4 Qxe4+ 39. Kh3 Qf5+ 40. g4
Qf3+ 41. Kh2 Qxf2+ 0-1

[Event "POLFINALY MISTRZOSTW POLSKI JUNIOROW 2021 C-15"]
[Site "Jatrzebia Gora"]
[Date "1899-12-30"]
[Round "4.6"]
[White "Demski, Michal"]
[Black "Cieply, Krzysztof"]
[Result "1/2-1/2"]
[WhiteTitle "I+"]
[BlackTitle "I"]
[WhiteElo "1756"]
[BlackElo "1487"]

1. d3 d5 2. Nf3 Nf6 3. Nbd2 Bf5 4. g3 Nbd7 5. Bg2 e5 6. O-O Bd6 7. Re1 O-O 8. e4
dxe4 9. dxe4 Be6 10. h3 h6 11. b3 Re8 12. Bb2 Nh7 13. Qe2 f6 14. Nh4 Nb6 15. Nf5
Bxf5 16. exf5 c6 17. Nc4 Nxc4 18. Qxc4+ Kh8 19. Rad1 Qc7 20. Qa4 a6 21. Bc3 Bc5
22. Qc4 Qb6 23. Rf1 Red8 24. Rxd8+ Rxd8 25. h4 Nf8 26. a4 a5 27. Qe2 Bb4 28. Bxb4
Qxb4 29. Rd1 Rd4 30. Rd3 Qd6 31. Rxd4 Qxd4 32. Bf1 Nd7 33. Qh5 Nb6 34. Qe8+ Kh7
35. Qg6+ Kh8 36. Be2 Qd7 37. c4 1/2-1/2

[Event "POLFINALY MISTRZOSTW POLSKI JUNIOROW 2021 C-15"]
[Site "Jatrzebia Gora"]
[Date "1899-12-30"]
[Round "4.7"]
[White "Goral, Jan"]
[Black "Jendrowiak, Maciej"]
[Result "0-1"]
[WhiteTitle "I"]
[BlackTitle "II+"]
[WhiteElo "1672"]
[BlackElo "1493"]

1. Nf3 d5 2. c4 e6 3. g3 c5 4. Bg2 Nc6 5. O-O Nf6 6. cxd5 exd5 7. d4 cxd4 8. Nxd4
Bc5 9. Nb3 Bb6 10. Nc3 O-O 11. Nb5 Re8 12. Bg5 Bg4 13. Nc3 h6 14. Bxf6 Qxf6 15.
h3 Bh5 16. g4 Bg6 17. Qxd5 Rad8 18. Qf3 Qh4 19. Rad1 Rxd1 20. Rxd1 Ne5 21. Qf4
Bc2 22. Rf1 h5 23. Qa4 Re6 24. gxh5 Qxh5 25. Nd5 Qg5 26. Qb4 Bf5 27. Nf4 Rh6 28.
Kh1 Ng6 29. e3 Bc7 30. Qc3 Be5 31. Nd4 Nxf4 32. exf4 Qxf4 33. Qg3 Qxd4 34. Qf3
Rxh3+ 0-1

[Event "POLFINALY MISTRZOSTW POLSKI JUNIOROW 2021 C-15"]
[Site "Jatrzebia Gora"]
[Date "1899-12-30"]
[Round "4.8"]
[White "Gbiorczyk, Mikolaj"]
[Black "Malinowski, Szymon"]
[Result "0-1"]
[WhiteTitle "II"]
[BlackTitle "I"]
[WhiteElo "1487"]
[BlackElo "1601"]

1. e4 c6 2. d4 d5 3. e5 Bf5 4. h4 h6 5. g4 Be4 6. f3 Bh7 7. Bd3 Bxd3 8. Qxd3 e6
9. Be3 Nd7 10. Nd2 Ne7 11. f4 c5 12. c3 Nc6 13. a3 Be7 14. Ngf3 a6 15. f5 cxd4
16. cxd4 Nf8 17. Ke2 Qd7 18. Raf1 O-O-O 19. Nb3 f6 20. h5 Nh7 21. Rc1 Kb8 22.
Bf4 Ka8 23. Nc5 Bxc5 24. Rxc5 Ng5 25. Bxg5 hxg5 26. Rhc1 exf5 27. Rxc6 bxc6 28.
Qxa6+ Qa7 29. Qxc6+ Kb8 30. Rc5 Rd7 31. e6 Rc7 32. Qd6 fxg4 33. Nd2 Re8 34. Nb3
Qb7 35. a4 Rxe6+ 36. Qxe6 Re7 37. Qxe7 Qxe7+ 38. Kd2 g3 39. Rb5+ Kc8 0-1

[Event "POLFINALY MISTRZOSTW POLSKI JUNIOROW 2021 C-15"]
[Site "Jatrzebia Gora"]
[Date "1899-12-30"]
[Round "4.9"]
[White "Choina, Jan"]
[Black "Wesolek, Krzysztof"]
[Result "0-1"]
[WhiteTitle "II"]
[BlackTitle "I"]
[WhiteElo "1485"]
[BlackElo "1570"]

1. e4 e6 2. d4 d5 3. Nc3 Nf6 4. e5 Nfd7 5. Nf3 c5 6. Be3 Nc6 7. Be2 a6 8. O-O Qc7
9. Re1 Be7 10. h4 Kf8 11. Bf1 b5 12. Rc1 cxd4 13. Bxd4 Nxd4 14. Qxd4 Qb6 15. Qf4
Bb7 16. g4 h5 17. Ng5 Bxg5 18. hxg5 g6 19. Ne2 hxg4 20. Nd4 Kg7 21. Be2 Rh4 22.
Kg2 Rah8 23. Rh1 Rxh1 24. Rxh1 Rxh1 25. Kxh1 Qc7 26. Qxg4 Qxe5 27. f3 Nf8 28.
c3 Nh7 29. f4 Qe4+ 30. Kh2 e5 31. fxe5 Qxe5+ 32. Kh3 Nxg5+ 33. Kg2 Ne6 34. Bd3
Nf4+ 35. Kf3 Nxd3 36. Qd7 Qe4+ 37. Kg3 Qf4+ 38. Kg2 Qf2+ 39. Kh3 Qf1+ 40. Kh4
Qh1+ 41. Kg3 Qg1+ 42. Kh3 Nf4+ 43. Kh4 g5# 0-1

[Event "POLFINALY MISTRZOSTW POLSKI JUNIOROW 2021 C-15"]
[Site "Jatrzebia Gora"]
[Date "1899-12-30"]
[Round "4.10"]
[White "Pisarek, Jan"]
[Black "Dysko, Michal"]
[Result "1-0"]
[WhiteTitle "I"]
[BlackTitle "II"]
[WhiteElo "1583"]
[BlackElo "1222"]

1. e4 c5 2. Nf3 e6 3. d4 cxd4 4. Nxd4 Nf6 5. Nc3 Nc6 6. Ndb5 Bb4 7. a3 Bxc3+ 8.
Nxc3 d5 9. exd5 exd5 10. Bd3 d4 11. Ne2 O-O 12. O-O Bg4 13. f3 Bh5 14. Nf4 Bg6
15. Nxg6 hxg6 16. f4 Qb6 17. Qf3 Rad8 18. Qh3 Rfe8 19. Bd2 Nd5 20. f5 Ne5 21.
fxg6 Nxg6 22. Bg5 Rd6 23. Qf5 Nf6 24. Rae1 Rde6 25. Rxe6 Rxe6 26. Bc4 Rc6 27.
b3 Rc5 28. Qxg6 Rxc4 29. Rxf6 fxg6 30. Rxb6 Rc5 31. Rxb7 Rxg5 32. Rxa7 Rc5 33.
Rd7 Rxc2 34. Rxd4 Rc3 35. Rb4 Kf7 36. h3 Kf6 37. a4 Rc1+ 38. Kh2 Ra1 39. Rb5 Ra2
40. a5 1-0

[Event "POLFINALY MISTRZOSTW POLSKI JUNIOROW 2021 C-15"]
[Site "Jatrzebia Gora"]
[Date "1899-12-30"]
[Round "4.11"]
[White "Rzenca, Jerzy"]
[Black "Zyto, Karol"]
[Result "1/2-1/2"]
[WhiteTitle "I"]
[BlackTitle "II"]
[WhiteElo "1568"]
[BlackElo "1472"]

1. c4 e6 2. g3 Nf6 3. Bg2 d5 4. Nf3 Be7 5. O-O O-O 6. b3 b6 7. cxd5 exd5 8. d4
Bb7 9. Ba3 Nbd7 10. Bxe7 Qxe7 11. Nc3 Rac8 12. e3 Rfd8 13. Ne2 c5 14. Rc1 Ba6
15. Re1 c4 16. bxc4 Bxc4 17. Nc3 b5 18. Nd2 b4 19. Nxc4 dxc4 20. Na4 Ne5 21. Qe2
Nd3 22. Rxc4 Nxe1 23. Rxc8 Rxc8 24. Qxe1 a5 25. Nc5 Qa7 26. Qe2 Nd7 27. Bh3 Rxc5
28. dxc5 Nxc5 29. Qb5 g6 30. Qe8+ Kg7 31. Qe5+ f6 32. Qd4 Qb6 33. Bf1 Qc7 1/2-1/2

[Event "POLFINALY MISTRZOSTW POLSKI JUNIOROW 2021 C-15"]
[Site "Jatrzebia Gora"]
[Date "1899-12-30"]
[Round "4.12"]
[White "Szymkiewicz, Witold"]
[Black "Czak, Dominik"]
[Result "1/2-1/2"]
[WhiteTitle "I"]
[BlackTitle "II"]
[WhiteElo "1552"]
[BlackElo "1456"]

1. e4 c6 2. d4 d5 3. e5 c5 4. c3 Nc6 5. Nf3 Bg4 6. Nbd2 e6 7. a3 Qb6 8. Bd3 Nh6
9. h3 Bh5 10. Qa4 Bg6 11. Bb1 Be7 12. b4 cxd4 13. cxd4 O-O 14. Nb3 Nf5 15. Bxf5
Bxf5 16. Bd2 Bc2 17. Bc3 a5 18. b5 Na7 19. Kd2 Bxb3 20. Qxb3 Qxb5 21. Rhb1 Qxb3
22. Rxb3 b5 23. Bxa5 Nc6 24. Bc3 b4 25. axb4 Rxa1 26. Bxa1 Bxb4+ 27. Bc3 Rb8 28.
Bxb4 Rxb4 29. Rc3 Ne7 30. Rc7 Kf8 31. Kc3 Ra4 32. Rb7 Rc4+ 33. Kd3 Nc6 34. g4
g6 35. Ke3 h6 36. Rb3 Nb4 37. Nd2 Nc2+ 38. Kd3 Nb4+ 39. Ke3 1/2-1/2

[Event "POLFINALY MISTRZOSTW POLSKI JUNIOROW 2021 C-15"]
[Site "Jatrzebia Gora"]
[Date "1899-12-30"]
[Round "4.13"]
[White "Miler, Franciszek"]
[Black "Bem, Tymoteusz"]
[Result "1/2-1/2"]
[WhiteTitle "I"]
[BlackTitle "II"]
[WhiteElo "1479"]
[BlackElo "1262"]

1. e4 c5 2. Nf3 Nc6 3. d4 cxd4 4. Nxd4 Nf6 5. Nc3 e5 6. Ndb5 d6 7. Bg5 a6 8. Na3
b5 9. Nd5 Be7 10. Bxf6 Bxf6 11. c4 b4 12. Nc2 a5 13. g3 O-O 14. Bg2 Rb8 15. b3
g6 16. O-O Bg7 17. Qd3 Be6 18. Rad1 Qd7 19. Nde3 Rbd8 20. a3 bxa3 21. Nxa3 Nd4
22. Nec2 Nxc2 23. Qxc2 Qc6 24. Rd3 Qc5 25. Nb5 a4 26. bxa4 Qxc4 27. Rc3 Qb4 28.
Rb1 Qa5 29. Rd3 d5 30. Rxd5 Bxd5 31. exd5 Rc8 32. Qb3 Rc5 33. d6 Rfc8 34. d7 Rf8
35. Bd5 Qd8 36. Bxf7+ Rxf7 37. Rd1 Bf8 38. Qe6 Be7 39. Na7 Qc7 40. Nc8 Bd8 41.
Nd6 Qxd7 42. Qxf7+ Qxf7 43. Nxf7 Bb6 44. Ng5 Rc2 45. Nh3 Ra2 46. Rd5 Rxa4 47.
Rxe5 Ra2 48. Re7 Rb2 49. Kg2 h6 50. Kf3 g5 51. Rb7 Rb4 52. Kg2 Rb2 53. g4 Kh8
54. Rf7 Kg8 55. Rf5 Kg7 56. Nxg5 hxg5 57. Rxg5+ Kh6 58. Rf5 Kg6 59. h4 Kh6 60.
Rf6+ Kg7 61. g5 Bd8 62. Rf3 Kg6 63. Kh3 Bxg5 64. hxg5 Kxg5 65. Rf8 Rb4 66. Kg3
Rb3+ 67. Rf3 Rxf3+ 1/2-1/2

[Event "POLFINALY MISTRZOSTW POLSKI JUNIOROW 2021 C-15"]
[Site "Jatrzebia Gora"]
[Date "1899-12-30"]
[Round "4.14"]
[White "Bajer, Tomasz"]
[Black "Turowski, Maciej"]
[Result "1/2-1/2"]
[WhiteTitle "II"]
[BlackTitle "II+"]
[WhiteElo "1308"]
[BlackElo "1540"]

1. Nf3 c5 2. g3 g6 3. Bg2 Bg7 4. O-O Nc6 5. d3 e6 6. Nc3 Nge7 7. Ne4 d6 8. Bf4
e5 9. Bg5 f5 10. Nf6+ Kf7 11. Nd5 h6 12. Bxe7 Nxe7 13. Nd2 Be6 14. c4 Bxd5 15.
cxd5 h5 16. Nf3 Bh6 17. e4 g5 18. h4 g4 19. Nd2 f4 20. f3 Rg8 21. Qe1 Ke8 22.
fxg4 Rxg4 23. Rf3 fxg3 24. Bh3 Ng6 25. Bxg4 hxg4 26. Rxg3 Qxh4 27. Nf1 Bf4 28.
Rg2 Qh3 29. Qe2 g3 30. Nxg3 Bxg3 31. Qf3 Bh2+ 32. Kf2 Qxf3+ 33. Kxf3 Nh4+ 34.
Kf2 Nxg2 35. Rh1 Nf4 36. Rxh2 Kf7 37. Rh7+ Kf6 38. Rxb7 Nxd3+ 39. Ke3 Nb4 40.
a3 Nc2+ 41. Kd3 Nd4 42. Rd7 Rb8 43. Rxd6+ Ke7 44. Ra6 Rb3+ 45. Kc4 Rxb2 46. Rxa7+
Kd6 47. Ra6+ Kc7 48. Kxc5 Rc2+ 49. Kb4 Re2 50. Kc5 Rc2+ 51. Kb4 Re2 52. Kc5 Rxe4
53. Ra7+ Kb8 54. Re7 Nf5 55. d6 Kc8 56. Kd5 Nxe7+ 57. dxe7 Kd7 58. Kxe4 Kxe7 59.
Kxe5 Kd7 60. Ke4 1/2-1/2

[Event "POLFINALY MISTRZOSTW POLSKI JUNIOROW 2021 C-15"]
[Site "Jatrzebia Gora"]
[Date "1899-12-30"]
[Round "4.15"]
[White "Halhoul, Adam"]
[Black "Dembicki, Karol"]
[Result "0-1"]
[WhiteTitle "I"]
[BlackTitle "II"]
[WhiteElo "1777"]
[BlackElo "1380"]

1. d4 d5 2. c4 e6 3. Nc3 Nf6 4. cxd5 exd5 5. Bg5 c6 6. e3 Nbd7 7. Bd3 Be7 8. Nf3
O-O 9. O-O Re8 10. Qc2 Nf8 11. h3 Ne4 12. Bxe7 Qxe7 13. Bxe4 dxe4 14. Ne5 Qh4
15. Qxe4 Qxe4 16. Nxe4 f6 17. Nd6 Re6 18. Nec4 b5 19. d5 cxd5 20. Nxb5 dxc4 21.
Nc7 Rb8 22. Nxe6 Bxe6 23. b3 c3 24. Rac1 Rc8 25. f3 Nd7 26. Rfd1 Ne5 27. f4 Ng6
28. g4 f5 29. g5 Ne7 30. Kf2 Bd5 31. Rd4 c2 32. Ke2 Be4 33. Kd2 Nd5 34. h4 Nc3
35. Ra1 Nxa2 0-1

[Event "POLFINALY MISTRZOSTW POLSKI JUNIOROW 2021 C-15"]
[Site "Jatrzebia Gora"]
[Date "1899-12-30"]
[Round "4.16"]
[White "Klisowski, Bartosz"]
[Black "Daszkiewicz, Adrian"]
[Result "1/2-1/2"]
[WhiteTitle "II+"]
[BlackTitle "I"]
[WhiteElo "1392"]
[BlackElo "1564"]

1. d4 Nf6 2. c4 c5 3. d5 e6 4. Nc3 exd5 5. cxd5 d6 6. Nf3 g6 7. Bf4 Bg7 8. Qa4+
Bd7 9. Qb3 Qc7 10. e4 O-O 11. Be2 Re8 12. Nd2 Na6 13. O-O Rab8 14. Nc4 Bf8 15.
Nd2 b5 16. Qd1 b4 17. Bxa6 bxc3 18. bxc3 Qa5 19. Bd3 Qxc3 20. Qf3 Nh5 21. Rac1
Qa3 22. Nc4 Bg4 23. Qxg4 Qxd3 24. Bxd6 Rb4 25. Bxf8 Rxc4 26. Bxc5 Rcxe4 27. Qd1
Qb5 28. d6 Nf4 29. Kh1 Nd3 30. Be3 Nxc1 31. Qxc1 Qc4 32. Qd1 Qxa2 33. d7 Rd8 34.
Bg5 Qa5 35. Bxd8 Qxd8 36. Qd5 1/2-1/2

[Event "POLFINALY MISTRZOSTW POLSKI JUNIOROW 2021 C-15"]
[Site "Jatrzebia Gora"]
[Date "1899-12-30"]
[Round "4.17"]
[White "Trochimczuk, Szymon"]
[Black "Janusiewicz, Michal"]
[Result "0-1"]
[WhiteTitle "II+"]
[BlackTitle "I"]
[WhiteElo "1493"]
[BlackElo "1361"]

1. d4 Nf6 2. c4 g6 3. Nc3 Bg7 4. Nf3 O-O 5. Bf4 d6 6. h3 Nfd7 7. e3 Nc6 8. Be2
e5 9. Bh2 Qf6 10. Nd5 Qd8 11. O-O Re8 12. Re1 exd4 13. exd4 Nf6 14. Rc1 Bf5 15.
Ne3 Bd7 16. Qb3 Ne4 17. Rcd1 Ng5 18. Qc3 Nxf3+ 19. Bxf3 Nxd4 20. Rxd4 c5 21. Qd2
cxd4 22. Nd5 Rxe1+ 23. Qxe1 Be6 24. Qb4 Bxd5 25. Bxd5 Qb6 26. Qe1 Qxb2 27. Bxd6
d3 28. Bb4 Qa1 29. Qxa1 Bxa1 30. Bd2 Re8 31. Bf3 Bb2 32. Kf1 b6 33. Bd1 Rc8 34.
Bb3 a6 35. Ke1 b5 36. cxb5 axb5 37. Kd1 Kg7 38. Be3 Bc3 39. Bd5 f5 40. g3 Rd8
41. Bc6 b4 42. Bb5 d2 43. Ba4 Kf6 44. Ke2 Ra8 45. Bb3 Re8 46. h4 Bd4 47. Kxd2
Bxe3+ 48. fxe3 g5 49. h5 g4 50. Kd3 Kg5 51. Bd5 Rc8 52. Bf7 Rc7 53. Be8 Re7 54.
Bc6 Kxh5 55. e4 fxe4+ 56. Bxe4 Ra7 57. Bd5 Kg5 58. Bb3 Rc7 59. Bc4 h5 60. Kd4
h4 61. gxh4+ Kxh4 62. Kd5 Rxc4 63. Kxc4 g3 64. Kxb4 g2 65. a4 g1=Q 66. a5 Qa7
67. Kb5 Kg5 68. a6 Kf5 69. Ka5 Qb8 70. Ka4 Ke5 71. Ka5 Kd5 72. Ka4 Kc4 0-1